[Event "Oakham Young Masters"]
[Site "Oakham"]
[Date "1990.04.04"]
[Round "8"]
[White "Arakhamia-Grant, Ketevan"]
[Black "Badea, Bela"]
[Result "0-1"]
[WhiteElo "2385"]
[BlackElo "2495"]
[PlyCount "70"]
[EventDate "1990.03.28"]
[EventType "swiss"]
[EventRounds "9"]
[EventCountry "ENG"]
[SourceTitle "BritBase"]
[Source "John Saunders"]
[SourceDate "2023.06.27"]
[SourceVersion "1"]
[SourceVersionDate "2023.06.27"]
[SourceQuality "1"]

1. e4 c5 2. Nf3 d6 3. d4 cxd4 4. Nxd4 Nf6 5. Nc3 a6 6. Bc4 e6 7. O-O Nxe4 8.
Nxe4 d5 9. Bd3 dxe4 10. Bxe4 Be7 11. Be3 Nd7 12. c4 Nf6 13. Bf3 Qc7 14. Qc2 h5
15. g3 Ng4 16. Bxg4 hxg4 17. Rae1 Bd7 18. Qe4 g5 19. Qxg4 e5 20. Nf5 f6 21. f4
Bxf5 22. Qxf5 gxf4 23. gxf4 Qc6 24. Qg6+ Kd7 25. Qg4+ Kc7 26. Qf3 e4 27. Qe2
Rh3 28. Qg2 Rah8 29. f5 Bc5 30. Bxc5 Qxc5+ 31. Qf2 e3 32. Qf4+ Kc8 33. Qe4 e2+
34. Rf2 Rg8+ 35. Kh1 Qxf2 0-1

[Event "Oakham Young Masters"]
[Site "Oakham"]
[Date "1990.04.04"]
[Round "8"]
[White "Chabanon, Jean Luc"]
[Black "Schlosser, Michael"]
[Result "1-0"]
[WhiteElo "2390"]
[BlackElo "2340"]
[PlyCount "81"]
[EventDate "1990.03.28"]
[EventType "swiss"]
[EventRounds "9"]
[EventCountry "ENG"]
[SourceTitle "BritBase"]
[Source "John Saunders"]
[SourceDate "2023.06.27"]
[SourceVersion "1"]
[SourceVersionDate "2023.06.27"]
[SourceQuality "1"]

1. d4 Nf6 2. c4 g6 3. Nc3 Bg7 4. e4 d6 5. Nf3 O-O 6. Be2 Nbd7 7. O-O e5 8. Qc2
c6 9. Rd1 Qe7 10. d5 c5 11. Ne1 Ne8 12. Be3 f5 13. exf5 gxf5 14. f4 Nef6 15.
fxe5 Nxe5 16. Qd2 f4 17. Bxf4 Nfg4 18. Nc2 Qh4 19. Rf1 Bf5 20. h3 Bxc2 21. Qxc2
Rxf4 22. Rxf4 Qg3 23. Bxg4 Qxf4 24. Be6+ Kh8 25. Qe4 Rf8 26. Qxf4 Rxf4 27. g3
Rxc4 28. Rf1 a6 29. a3 Nd3 30. Rf7 Nxb2 31. Ne2 b5 32. Rd7 Be5 33. g4 h6 34. h4
Re4 35. g5 hxg5 36. hxg5 Rxe2 37. g6 Re1+ 38. Kg2 Re2+ 39. Kg1 Re1+ 40. Kg2 Bf6
41. Rh7# 1-0

[Event "Oakham Young Masters"]
[Site "Oakham"]
[Date "1990.04.04"]
[Round "8"]
[White "Galliamova, Alisa"]
[Black "Hracek, Zbynek"]
[Result "0-1"]
[WhiteElo "2365"]
[BlackElo "2390"]
[PlyCount "86"]
[EventDate "1990.03.28"]
[EventType "swiss"]
[EventRounds "9"]
[EventCountry "ENG"]
[SourceTitle "BritBase"]
[Source "John Saunders"]
[SourceDate "2023.06.27"]
[SourceVersion "1"]
[SourceVersionDate "2023.06.27"]
[SourceQuality "1"]

1. Nf3 Nf6 2. c4 e6 3. g3 d5 4. b3 a5 5. a4 Na6 6. Bg2 Be7 7. O-O O-O 8. Bb2 b6
9. Ne5 Nb4 10. Nc3 Nd7 11. f4 Bb7 12. d4 c5 13. e3 Rc8 14. cxd5 exd5 15. Bh3 f5
16. Nb5 c4 17. g4 Nf6 18. g5 Ne4 19. g6 hxg6 20. Nxg6 Rf6 21. Qh5 Rxg6+ 22.
Qxg6 Rc6 23. Qg2 c3 24. Bc1 Qd7 25. Qe2 Ba6 26. Qh5 g6 27. Qe2 Rc8 28. Kh1 Kf7
29. Rg1 Rh8 30. Bf1 Bh4 31. Kg2 Bf2 32. Rh1 Qe7 33. Qf3 Nc2 34. Nd6+ Qxd6 35.
Bxa6 Nxa1 36. Bd3 Bh4 37. Bxe4 dxe4 38. Qf1 Qd5 39. Qa6 Nxb3 40. Ba3 Ra8 41.
Qxb6 Bd8 42. Qb5 Qxb5 43. axb5 c2 0-1

[Event "Oakham Young Masters"]
[Site "Oakham"]
[Date "1990.04.04"]
[Round "8"]
[White "Matveeva, Svetlana"]
[Black "Juergens Peicheva, Vera"]
[Result "1-0"]
[WhiteElo "2360"]
[BlackElo "2185"]
[PlyCount "77"]
[EventDate "1990.03.28"]
[EventType "swiss"]
[EventRounds "9"]
[EventCountry "ENG"]
[SourceTitle "BritBase"]
[Source "John Saunders"]
[SourceDate "2023.06.27"]
[SourceVersion "1"]
[SourceVersionDate "2023.06.27"]
[SourceQuality "1"]

1. d4 Nf6 2. Nf3 c5 3. d5 d6 4. Nc3 g6 5. e4 Bg7 6. Bb5+ Bd7 7. a4 O-O 8. h3 a6
9. Bc4 Bc8 10. O-O Nbd7 11. Qd3 Nb6 12. Ba2 Bd7 13. a5 Na4 14. Nxa4 Bxa4 15.
Bc4 Qxa5 16. Bd2 Qc7 17. Rxa4 b5 18. Ra2 bxc4 19. Qxc4 Rfb8 20. Bc3 Qb7 21.
Bxf6 Bxf6 22. Nd2 Qc8 23. c3 Rb5 24. Qe2 Bg7 25. Rfa1 Qb7 26. Nc4 Bf8 27. Rd1
Qd7 28. Qc2 Rbb8 29. Rda1 Qc8 30. Ra4 h5 31. Qb1 e6 32. Qd3 e5 33. Qb1 f5 34.
exf5 gxf5 35. Qd1 Qb7 36. Qxh5 Qxd5 37. Qg6+ Kh8 38. Nxd6 Qxd6 39. Rh4+ 1-0

[Event "Oakham Young Masters"]
[Site "Oakham"]
[Date "1990.04.04"]
[Round "8"]
[White "Ruxton, Keith"]
[Black "Fishbein, Alexander"]
[Result "0-1"]
[WhiteElo "2325"]
[BlackElo "2470"]
[PlyCount "86"]
[EventDate "1990.03.28"]
[EventType "swiss"]
[EventRounds "9"]
[EventCountry "ENG"]
[SourceTitle "BritBase"]
[Source "John Saunders"]
[SourceDate "2023.06.27"]
[SourceVersion "1"]
[SourceVersionDate "2023.06.27"]
[SourceQuality "1"]

1. e4 c5 2. Nf3 Nc6 3. d4 cxd4 4. Nxd4 Nf6 5. Nc3 d6 6. Bg5 e6 7. Qd2 Be7 8.
O-O-O O-O 9. Nb3 Qb6 10. f3 Rd8 11. Be3 Qc7 12. Qf2 d5 13. exd5 Nxd5 14. Nxd5
Rxd5 15. Rxd5 exd5 16. Kb1 Bf5 17. Nd4 Nxd4 18. Bxd4 Rc8 19. Bd3 Bxd3 20. cxd3
Qa5 21. Qe3 Bf8 22. Rc1 Rxc1+ 23. Qxc1 Qa4 24. Qg1 a6 25. b3 Qb4 26. Kc2 Qa3
27. Qa1 a5 28. Qb2 Qd6 29. Be5 Qg6 30. g4 h5 31. Qd4 Qc6+ 32. Qc3 Qe6 33. gxh5
f6 34. Bg3 Bb4 35. Qc7 Qe2+ 36. Kb1 Qxd3+ 37. Qc2 Qxf3 38. h6 Ba3 39. Qd2 Qe4+
40. Ka1 Bb4 41. Qc1 d4 42. a4 Bc3+ 43. Ka2 gxh6 0-1

[Event "Oakham Young Masters"]
[Site "Oakham"]
[Date "1990.04.04"]
[Round "8"]
[White "Siekanski, Janusz"]
[Black "Kosic, Dragan"]
[Result "0-1"]
[WhiteElo "2370"]
[BlackElo "2415"]
[PlyCount "108"]
[EventDate "1990.03.28"]
[EventType "swiss"]
[EventRounds "9"]
[EventCountry "ENG"]
[SourceTitle "BritBase"]
[Source "John Saunders"]
[SourceDate "2023.06.27"]
[SourceVersion "1"]
[SourceVersionDate "2023.06.27"]
[SourceQuality "1"]

1. d4 d5 2. c4 e6 3. Nc3 c5 4. Nf3 Nc6 5. cxd5 exd5 6. g3 Nf6 7. Bg2 Be7 8. O-O
O-O 9. Bg5 cxd4 10. Nxd4 h6 11. Be3 Bg4 12. Qa4 Qd7 13. Rfd1 Bh3 14. Bh1 a6 15.
Nxc6 bxc6 16. b4 Rfe8 17. a3 h5 18. Rac1 h4 19. Bd4 hxg3 20. hxg3 Bg4 21. Re1
Bd8 22. Qc2 Bf5 23. Qb2 Bh7 24. Na4 a5 25. Nc5 Qh3 26. Bg2 Qh5 27. Bxf6 Bxf6
28. Qd2 axb4 29. axb4 Rad8 30. Nd3 Bg5 31. f4 Bf6 32. Rxc6 Qg6 33. Ne5 Qh5 34.
Bf3 Qh3 35. Bg2 Qh6 36. Nf3 Be4 37. Rcc1 Be7 38. Nd4 Qb6 39. b5 Bc5 40. e3 Bxd4
41. Qxd4 Qxb5 42. Rc5 Qa6 43. Qc3 Qg6 44. Bxe4 Qxg3+ 45. Bg2 d4 46. Qa5 dxe3
47. Re5 Qf2+ 48. Kh1 Qh4+ 49. Kg1 Rxe5 50. fxe5 Qf2+ 51. Kh1 Rd4 52. Qa8+ Kh7
53. Be4+ g6 54. Bxg6+ Kg7 0-1

[Event "Oakham Young Masters"]
[Site "Oakham"]
[Date "1990.04.04"]
[Round "8"]
[White "Summerscale, Aaron P"]
[Black "Luther, Thomas"]
[Result "0-1"]
[WhiteElo "2295"]
[BlackElo "2405"]
[PlyCount "200"]
[EventDate "1990.03.28"]
[EventType "swiss"]
[EventRounds "9"]
[EventCountry "ENG"]
[SourceTitle "BritBase"]
[Source "John Saunders"]
[SourceDate "2023.06.27"]
[SourceVersion "1"]
[SourceVersionDate "2023.06.27"]
[SourceQuality "1"]

1. Nf3 Nf6 2. d4 e6 3. e3 c5 4. Bd3 d5 5. b3 Be7 6. O-O O-O 7. Bb2 Nc6 8. a3 b6
9. Nbd2 Bb7 10. Ne5 cxd4 11. exd4 Nxe5 12. dxe5 Nd7 13. Qh5 h6 14. b4 a5 15.
Qg4 Qc7 16. Nf3 axb4 17. axb4 Rxa1 18. Bxa1 Ra8 19. Nd4 Nxe5 20. Nxe6 fxe6 21.
Qxe6+ Nf7 22. Qg6 Rxa1 23. Rxa1 Qe5 24. Ra7 Qe1+ 25. Bf1 Nd6 26. Qg4 Bf8 27.
Qd7 Bc8 28. Qd8 Bb7 29. Qb8 Ne4 30. Qf4 Nd2 31. h3 Qxf1+ 32. Kh2 Ne4 33. Qf5
Bd6+ 34. g3 Qxf2+ 35. Qxf2 Nxf2 36. Rxb7 Ne4 37. Rxb6 Bxg3+ 38. Kg2 Be5 39. Re6
Bc3 40. b5 Kf7 41. Ra6 Be5 42. b6 Nc5 43. Ra7+ Ke6 44. Ra8 Nd7 45. Re8+ Kf7 46.
Rc8 Nxb6 47. Rc6 Nd7 48. Ra6 Nf6 49. Kf3 Kg6 50. Rc6 Bb2 51. Rc5 Bd4 52. Ra5
Bc3 53. Rc5 Bb4 54. Rb5 Bd6 55. Ra5 Be7 56. Ra7 Bb4 57. Rb7 Bc3 58. Rc7 Ne4 59.
Rd7 Ng5+ 60. Kg2 d4 61. Rd5 Kf6 62. h4 Ne6 63. Kf3 g6 64. h5 Ng5+ 65. Kg4 gxh5+
66. Kxh5 Nf3 67. Kg4 Ne5+ 68. Kf4 Nc4 69. Rh5 Kg6 70. Rh2 Ne3 71. Re2 h5 72.
Ke4 Ng4 73. Kf4 Ne3 74. Ke4 Ng4 75. Kf4 Kf6 76. Rg2 Bb2 77. Rg1 Bc3 78. Rg2 Be1
79. Re2 Bf2 80. Re8 Be3+ 81. Kg3 Kf5 82. Rh8 Nf6 83. Kf3 Bf4 84. Ra8 Nh7 85.
Ra5+ Be5 86. Ra4 Ng5+ 87. Ke2 h4 88. c3 Ne4 89. Kf3 Nxc3 90. Ra8 h3 91. Rf8+
Ke6 92. Rd8 h2 93. Kg2 Nd5 94. Kh1 d3 95. Re8+ Kf5 96. Rf8+ Ke4 97. Rf2 Nb6 98.
Rf1 d2 99. Rd1 Kd3 100. Rf1 Kc2 0-1

[Event "Oakham Young Masters"]
[Site "Oakham"]
[Date "1990.04.04"]
[Round "8"]
[White "Ward, Christopher G"]
[Black "Ulibin, Mikhail"]
[Result "1/2-1/2"]
[WhiteElo "2390"]
[BlackElo "2500"]
[PlyCount "138"]
[EventDate "1990.03.28"]
[EventType "swiss"]
[EventRounds "9"]
[EventCountry "ENG"]
[SourceTitle "BritBase"]
[Source "John Saunders"]
[SourceDate "2023.06.27"]
[SourceVersion "1"]
[SourceVersionDate "2023.06.27"]
[SourceQuality "1"]

1. c4 Nf6 2. Nc3 c5 3. Nf3 e6 4. d4 cxd4 5. Nxd4 d5 6. e3 Nc6 7. cxd5 exd5 8.
Be2 Bd6 9. O-O O-O 10. Bf3 Be5 11. Nxc6 bxc6 12. Qa4 Qd6 13. g3 a5 14. Rd1 Qb4
15. Qc2 Bg4 16. Bxg4 Qxg4 17. Kg2 h5 18. f3 Qe6 19. Ne2 Rfc8 20. Bd2 c5 21. Bc3
Re8 22. Bxe5 Qxe5 23. Qxc5 Qxb2 24. Kf2 Rac8 25. Qd4 Rc2 26. Qxb2 Rxb2 27. h4
Rc8 28. Rdb1 Rcc2 29. Rxb2 Rxb2 30. a4 Nd7 31. Rd1 Nb6 32. Ke1 g6 33. Nf4 Rb4
34. Nxd5 Nxd5 35. Rxd5 Rxa4 36. Ke2 Ra2+ 37. Kd3 a4 38. Ra5 a3 39. Ke4 Ra1 40.
Kf4 Kg7 41. Ra7 Kf6 42. e4 a2 43. Ra6+ Ke7 44. e5 Kd7 45. Rd6+ Kc7 46. Ra6 Kb7
47. Ra3 Kc6 48. Ra8 Kd5 49. Ra5+ Kc4 50. Ra8 Kb3 51. Rb8+ Kc3 52. Ra8 Kb2 53.
Rb8+ Kc2 54. Ra8 Kd3 55. Ra3+ Ke2 56. Ra7 Kf2 57. Ra8 Kg2 58. Ra3 Kh2 59. Ra8
Kh3 60. Ra7 Kh2 61. Ra8 Kh3 62. Ra7 Rb1 63. Rxa2 Rb4+ 64. Kg5 Kxg3 65. f4 Rxf4
66. Ra3+ Rf3 67. Rxf3+ Kxf3 68. Kf6 Kf4 69. Kxf7 Kxe5 1/2-1/2

[Event "Oakham Young Masters"]
[Site "Oakham"]
[Date "1990.04.05"]
[Round "9"]
[White "Anand, Viswanathan"]
[Black "Blatny, Pavel"]
[Result "1/2-1/2"]
[WhiteElo "2555"]
[BlackElo "2510"]
[PlyCount "23"]
[EventDate "1990.03.28"]
[EventType "swiss"]
[EventRounds "9"]
[EventCountry "ENG"]
[SourceTitle "BritBase"]
[Source "John Saunders"]
[SourceDate "2023.06.27"]
[SourceVersion "1"]
[SourceVersionDate "2023.06.27"]
[SourceQuality "1"]

1. d4 Nf6 2. c4 e6 3. g3 d5 4. Bg2 dxc4 5. Nf3 Be7 6. O-O O-O 7. Qc2 a6 8. Qxc4
b5 9. Qc2 Bb7 10. Bd2 Be4 11. Qc1 Bb7 12. Qc2 1/2-1/2

[Event "Oakham Young Masters"]
[Site "Oakham"]
[Date "1990.04.05"]
[Round "9"]
[White "Apicella, Manuel"]
[Black "Schlosser, Michael"]
[Result "0-1"]
[WhiteElo "2390"]
[BlackElo "2340"]
[PlyCount "86"]
[EventDate "1990.03.28"]
[EventType "swiss"]
[EventRounds "9"]
[EventCountry "ENG"]
[SourceTitle "BritBase"]
[Source "John Saunders"]
[SourceDate "2023.06.27"]
[SourceVersion "1"]
[SourceVersionDate "2023.06.27"]
[SourceQuality "1"]

1. e4 g6 2. d4 Bg7 3. Nc3 d6 4. f4 Nf6 5. Nf3 c5 6. d5 O-O 7. Bd3 e6 8. O-O
exd5 9. exd5 Na6 10. f5 Nb4 11. fxg6 fxg6 12. Bg5 Nxd3 13. Qxd3 Qb6 14. Qd2
Qxb2 15. Rab1 Qa3 16. Nb5 Qxa2 17. Nxd6 Qxd5 18. Nxc8 Raxc8 19. Qxd5+ Nxd5 20.
Rxb7 Rc7 21. Rfb1 Rxb7 22. Rxb7 Ra8 23. Rb5 Bf8 24. Ra5 Bd6 25. Nd2 Bc7 26. Ra4
a5 27. Ne4 Nb6 28. Ra1 Be5 29. Rb1 Nd5 30. Kf1 a4 31. Nxc5 a3 32. Nb3 a2 33.
Rd1 a1=Q 34. Nxa1 Rxa1 35. Rxa1 Bxa1 36. Ke2 Kf7 37. Kd3 Nb4+ 38. Kd2 Bf6 39.
Bh6 Ke6 40. Bf8 Nd5 41. Bc5 Kf5 42. c4 Nf4 43. g3 Ne6 0-1

[Event "Oakham Young Masters"]
[Site "Oakham"]
[Date "1990.04.05"]
[Round "9"]
[White "Arakhamia-Grant, Ketevan"]
[Black "Mortazavi, Ali"]
[Result "1-0"]
[WhiteElo "2385"]
[BlackElo "2275"]
[PlyCount "83"]
[EventDate "1990.03.28"]
[EventType "swiss"]
[EventRounds "9"]
[EventCountry "ENG"]
[SourceTitle "BritBase"]
[Source "John Saunders"]
[SourceDate "2023.06.27"]
[SourceVersion "1"]
[SourceVersionDate "2023.06.27"]
[SourceQuality "1"]

1. e4 d6 2. d4 Nf6 3. Nc3 g6 4. Nf3 Bg7 5. Be2 O-O 6. O-O c6 7. a4 a5 8. h3
Nbd7 9. Re1 e5 10. dxe5 dxe5 11. Be3 Qe7 12. Nd2 Nc5 13. Bf1 Rd8 14. Qc1 Be6
15. b3 Nfd7 16. Nc4 Bxc4 17. Bxc4 Ne6 18. Nd1 Ndc5 19. f3 Nf4 20. Bf1 Nce6 21.
Nf2 Qc7 22. c3 Bf8 23. g3 Nh5 24. Kh2 Bc5 25. Bc4 Bxe3 26. Qxe3 Qe7 27. Ng4 f6
28. f4 exf4 29. gxf4 Kh8 30. Rf1 Re8 31. Rae1 Nc7 32. Qb6 Rad8 33. Re2 Ne6 34.
Qe3 Qc5 35. Qxc5 Nxc5 36. e5 f5 37. Nh6 Kg7 38. Nf7 Rd7 39. Nd6 Ree7 40. Rg2
Kh6 41. Rd2 Rc7 42. Nxf5+ 1-0

[Event "Oakham Young Masters"]
[Site "Oakham"]
[Date "1990.04.05"]
[Round "9"]
[White "Fishbein, Alexander"]
[Black "Matveeva, Svetlana"]
[Result "1-0"]
[WhiteElo "2470"]
[BlackElo "2360"]
[PlyCount "31"]
[EventDate "1990.03.28"]
[EventType "swiss"]
[EventRounds "9"]
[EventCountry "ENG"]
[SourceTitle "BritBase"]
[Source "John Saunders"]
[SourceDate "2023.06.27"]
[SourceVersion "1"]
[SourceVersionDate "2023.06.27"]
[SourceQuality "1"]

1. e4 g6 2. d4 Bg7 3. Nc3 c6 4. Bc4 d6 5. Nf3 b5 6. Bb3 e6 7. d5 exd5 8. exd5
Qe7+ 9. Qe2 Qxe2+ 10. Kxe2 Bxc3 11. bxc3 c5 12. c4 b4 13. Bf4 Kd7 14. Ng5 Nh6
15. Ne4 Nf5 16. g4 1-0

[Event "Oakham Young Masters"]
[Site "Oakham"]
[Date "1990.04.05"]
[Round "9"]
[White "Hracek, Zbynek"]
[Black "Manor, Ilan"]
[Result "1/2-1/2"]
[WhiteElo "2390"]
[BlackElo "2450"]
[PlyCount "29"]
[EventDate "1990.03.28"]
[EventType "swiss"]
[EventRounds "9"]
[EventCountry "ENG"]
[SourceTitle "BritBase"]
[Source "John Saunders"]
[SourceDate "2023.06.27"]
[SourceVersion "1"]
[SourceVersionDate "2023.06.27"]
[SourceQuality "1"]

1. e4 c5 2. Nf3 Nc6 3. Bb5 g6 4. O-O Bg7 5. Re1 e5 6. c3 Nge7 7. d4 cxd4 8.
cxd4 exd4 9. Bg5 O-O 10. Na3 h6 11. Bh4 g5 12. Bg3 d5 13. exd5 Qxd5 14. Bc4 Qd8
15. h3 1/2-1/2

[Event "Oakham Young Masters"]
[Site "Oakham"]
[Date "1990.04.05"]
[Round "9"]
[White "Juergens Peicheva, Vera"]
[Black "Ruxton, Keith"]
[Result "0-1"]
[WhiteElo "2185"]
[BlackElo "2325"]
[PlyCount "132"]
[EventDate "1990.03.28"]
[EventType "swiss"]
[EventRounds "9"]
[EventCountry "ENG"]
[SourceTitle "BritBase"]
[Source "John Saunders"]
[SourceDate "2023.06.27"]
[SourceVersion "1"]
[SourceVersionDate "2023.06.27"]
[SourceQuality "1"]

1. d4 Nf6 2. c4 g6 3. Nc3 Bg7 4. e4 O-O 5. Be2 d6 6. Nf3 e5 7. O-O Nc6 8. d5
Ne7 9. a4 a5 10. Ne1 Nd7 11. Be3 f5 12. f3 f4 13. Bf2 g5 14. Nd3 Nf6 15. c5 Ng6
16. cxd6 cxd6 17. Rc1 h5 18. h3 g4 19. hxg4 hxg4 20. fxg4 Ne8 21. Nb5 Bf6 22.
Rc3 Rf7 23. g5 Bxg5 24. Bg4 Rg7 25. Rxc8 Rxc8 26. Be6+ Kf8 27. Bxc8 Qxc8 28.
Qh5 Qd8 29. Qg4 Bh4 30. Qf5+ Kg8 31. Qe6+ Kh7 32. Qh3 Qg5 33. Ne1 Qh6 34. Nf3
Bxf2+ 35. Kxf2 Qxh3 36. gxh3 Kh6 37. Nd2 Ne7 38. Nc4 Nc8 39. Rc1 b6 40. Nxe5
dxe5 41. Rxc8 Nf6 42. Rc6 Rg6 43. Nc3 Kh5 44. d6 Rg3 45. Rxb6 Rxh3 46. Rb5 Kh4
47. Kf1 f3 48. Rb7 Kg3 49. Rg7+ Ng4 50. Ne2+ fxe2+ 51. Kxe2 Rh6 52. Ra7 Rxd6
53. Rxa5 Rd4 54. Ra8 Rb4 55. a5 Rxb2+ 56. Kd3 Ra2 57. a6 Ra3+ 58. Kc4 Kf4 59.
a7 Kxe4 60. Kc5 Ne3 61. Kb6 Nd5+ 62. Kc6 Rc3+ 63. Kd6 Nb6 64. Rh8 Nc8+ 65. Ke6
Rc6+ 66. Kd7 Nxa7 0-1

[Event "Oakham Young Masters"]
[Site "Oakham"]
[Date "1990.04.05"]
[Round "9"]
[White "Kogan, Artur"]
[Black "Webster, Andrew A"]
[Result "1-0"]
[WhiteElo "2335"]
[BlackElo "2275"]
[PlyCount "87"]
[EventDate "1990.03.28"]
[EventType "swiss"]
[EventRounds "9"]
[EventCountry "ENG"]
[SourceTitle "BritBase"]
[Source "John Saunders"]
[SourceDate "2023.06.27"]
[SourceVersion "1"]
[SourceVersionDate "2023.06.27"]
[SourceQuality "1"]

1. e4 g6 2. d4 Bg7 3. Nc3 c6 4. Nf3 d5 5. h3 Nf6 6. e5 Ne4 7. Nxe4 dxe4 8. Ng5
c5 9. dxc5 Qa5+ 10. Bd2 Qxc5 11. Bc3 Nc6 12. Nxe4 Qb6 13. Qd2 Bf5 14. Qf4 O-O-O
15. Bc4 Qc7 16. Bb3 Bxe5 17. Bxe5 Qxe5 18. Qxe5 Nxe5 19. Ng3 Bd7 20. f4 Nc6 21.
O-O e6 22. Ne4 Kc7 23. Nf6 Na5 24. Kf2 Bc6 25. Rfd1 h5 26. c3 Nxb3 27. axb3 Rd6
28. g3 Rhd8 29. Rxd6 Rxd6 30. Ke3 a6 31. g4 hxg4 32. hxg4 Rd8 33. g5 Rh8 34.
Ng4 Rh3+ 35. Kd4 Rh4 36. Rg1 Bf3 37. Nh6 f6 38. gxf6 Rxh6 39. f7 Rh8 40. Ke5 a5
41. Kf6 Kd6 42. Kg7 Ke7 43. Kxh8 Kxf7 44. Rg5 1-0

[Event "Oakham Young Masters"]
[Site "Oakham"]
[Date "1990.04.05"]
[Round "9"]
[White "Kosic, Dragan"]
[Black "Chabanon, Jean Luc"]
[Result "1-0"]
[WhiteElo "2415"]
[BlackElo "2390"]
[PlyCount "75"]
[EventDate "1990.03.28"]
[EventType "swiss"]
[EventRounds "9"]
[EventCountry "ENG"]
[SourceTitle "BritBase"]
[Source "John Saunders"]
[SourceDate "2023.06.27"]
[SourceVersion "1"]
[SourceVersionDate "2023.06.27"]
[SourceQuality "1"]

1. c4 Nf6 2. Nc3 e5 3. g3 Bb4 4. Bg2 O-O 5. Nf3 Nc6 6. O-O e4 7. Ng5 Bxc3 8.
bxc3 Re8 9. f3 exf3 10. Nxf3 d5 11. cxd5 Qxd5 12. d4 Qh5 13. Rb1 Nd5 14. Rb5
Nce7 15. e4 c6 16. Rb3 Nb6 17. Ne5 Qxd1 18. Rxd1 Be6 19. Rb2 f5 20. Re1 fxe4
21. Bxe4 Nf5 22. Bd3 Nd6 23. Rf2 Nb5 24. Rc2 a6 25. Be3 Rad8 26. Bf2 Na4 27.
Rec1 Na3 28. Re2 Rc8 29. c4 b5 30. Rce1 Bh3 31. cxb5 cxb5 32. g4 h5 33. Bg6 Rf8
34. d5 Nc3 35. Re3 hxg4 36. d6 Nc4 37. Nxc4 Rxc4 38. Bg3 1-0

[Event "Oakham Young Masters"]
[Site "Oakham"]
[Date "1990.04.05"]
[Round "9"]
[White "Luther, Thomas"]
[Black "Ward, Christopher G"]
[Result "0-1"]
[WhiteElo "2405"]
[BlackElo "2390"]
[PlyCount "60"]
[EventDate "1990.03.28"]
[EventType "swiss"]
[EventRounds "9"]
[EventCountry "ENG"]
[SourceTitle "BritBase"]
[Source "John Saunders"]
[SourceDate "2023.06.27"]
[SourceVersion "1"]
[SourceVersionDate "2023.06.27"]
[SourceQuality "1"]

1. d4 Nf6 2. c4 e6 3. Nf3 b6 4. Nc3 Bb4 5. Bg5 Bb7 6. e3 h6 7. Bh4 g5 8. Bg3
Ne4 9. Qc2 Bxc3+ 10. bxc3 Nxg3 11. fxg3 g4 12. Ne5 Qg5 13. Qf2 f6 14. Nd3 Nc6
15. Be2 Ne7 16. h4 gxh3 17. Rxh3 O-O-O 18. g4 Qa5 19. Kd2 f5 20. Rh5 Qa3 21.
Nb4 fxg4 22. Rb1 Nf5 23. c5 Rhf8 24. Qe1 bxc5 25. Nc2 Qa4 26. Bb5 Qa5 27. Kc1
Be4 28. Qe2 d6 29. Bd3 Bxd3 30. Qxd3 Ng3 0-1

[Event "Oakham Young Masters"]
[Site "Oakham"]
[Date "1990.04.05"]
[Round "9"]
[White "Piper, Matthew S"]
[Black "Siekanski, Janusz"]
[Result "1-0"]
[WhiteElo "2305"]
[BlackElo "2370"]
[PlyCount "59"]
[EventDate "1990.03.28"]
[EventType "swiss"]
[EventRounds "9"]
[EventCountry "ENG"]
[SourceTitle "BritBase"]
[Source "John Saunders"]
[SourceDate "2023.06.27"]
[SourceVersion "1"]
[SourceVersionDate "2023.06.27"]
[SourceQuality "1"]

1. e4 c5 2. Nf3 e6 3. d4 cxd4 4. Nxd4 Nf6 5. Nc3 d6 6. Be3 Be7 7. f3 O-O 8. Qd2
Nc6 9. O-O-O a6 10. g4 Rb8 11. h4 Nxd4 12. Bxd4 b5 13. Kb1 Nd7 14. h5 b4 15.
Na4 Ne5 16. Be2 Qc7 17. b3 f5 18. exf5 exf5 19. h6 g5 20. f4 gxf4 21. g5 Bb7
22. Rhg1 f3 23. Bc4+ Nxc4 24. bxc4 Qxc4 25. g6 Bf6 26. gxh7+ Kxh7 27. Bxf6 Rxf6
28. Rg7+ Kh8 29. Qg5 Rf7 30. Qg6 1-0

[Event "Oakham Young Masters"]
[Site "Oakham"]
[Date "1990.04.05"]
[Round "9"]
[White "Stangl, Markus"]
[Black "Galliamova, Alisa"]
[Result "1/2-1/2"]
[WhiteElo "2405"]
[BlackElo "2365"]
[PlyCount "104"]
[EventDate "1990.03.28"]
[EventType "swiss"]
[EventRounds "9"]
[EventCountry "ENG"]
[SourceTitle "BritBase"]
[Source "John Saunders"]
[SourceDate "2023.06.27"]
[SourceVersion "1"]
[SourceVersionDate "2023.06.27"]
[SourceQuality "1"]

1. Nf3 Nf6 2. c4 e6 3. g3 a6 4. Bg2 b5 5. b3 Bb7 6. Nc3 b4 7. Na4 Be7 8. O-O
O-O 9. Bb2 d6 10. d4 Nbd7 11. a3 bxa3 12. Bxa3 Ra7 13. Ra2 Qa8 14. Qa1 Ne4 15.
Rd1 f5 16. Bb2 Ndf6 17. Nc3 Nxc3 18. Bxc3 Ne4 19. Ba5 Bc6 20. Qc1 Qb7 21. Qe3
Raa8 22. Rc2 Bf6 23. Rd3 Rf7 24. Qc1 Rc8 25. Ne1 h5 26. f3 Ng5 27. Qd2 Nh7 28.
Ra2 h4 29. Nc2 hxg3 30. hxg3 Bg5 31. Qe1 f4 32. gxf4 Bxf4 33. Bd2 Bd7 34. Bxf4
Rxf4 35. Qb4 Qa7 36. Qa5 Ra8 37. e3 Rf6 38. Nb4 Raf8 39. Nxa6 Ra8 40. b4 Qb7
41. f4 Rg6 42. d5 exd5 43. Qxd5+ Qxd5 44. cxd5 Bb5 45. Rda3 Ra7 46. Nb8 Rxa3
47. Rxa3 Nf6 48. Ra5 Bc4 49. Nc6 Rxg2+ 50. Kxg2 Bxd5+ 51. Rxd5 Nxd5 52. Kf3 Kf7
1/2-1/2

[Event "Oakham Young Masters"]
[Site "Oakham"]
[Date "1990.04.05"]
[Round "9"]
[White "Stratil, Ladislav Jr"]
[Black "Ulibin, Mikhail"]
[Result "0-1"]
[WhiteElo "2380"]
[BlackElo "2500"]
[PlyCount "64"]
[EventDate "1990.03.28"]
[EventType "swiss"]
[EventRounds "9"]
[EventCountry "ENG"]
[SourceTitle "BritBase"]
[Source "John Saunders"]
[SourceDate "2023.06.27"]
[SourceVersion "1"]
[SourceVersionDate "2023.06.27"]
[SourceQuality "1"]

1. e4 c5 2. Nf3 Nc6 3. d3 g6 4. g3 Bg7 5. Bg2 e5 6. O-O Nge7 7. Re1 O-O 8. Be3
d6 9. Qc1 f5 10. c3 Rb8 11. Bh6 f4 12. Bxg7 Kxg7 13. Nbd2 Be6 14. Ng5 Bd7 15.
h4 Ng8 16. Bh3 h6 17. Bxd7 Qxd7 18. Ngf3 fxg3 19. fxg3 Qh3 20. Kf2 Qh2+ 21. Ke3
Qxg3 22. Rg1 Qf4+ 23. Ke2 Nf6 24. Nf1 Nh5 25. Qe3 Rbd8 26. Rd1 d5 27. Rd2 d4
28. Qxf4 Nxf4+ 29. Kd1 Nxd3 30. Rxd3 c4 31. Nxd4 Nxd4 32. Rdg3 Rxf1+ 0-1